000 00844nam a2200229Ia 4500
005 20241129105857.0
008 241129s9999||||xx |||||||||||||| ||und||
020 _a978-93-923974-03-8
037 _aTB
040 _aARTS
_bhin
_cARTS
041 _ahin
_2hin
084 _aQ41:23 152R2
_qARTS
100 _aलालजी, ‘श्रावक’, ले.
245 0 _aअभिधर्म - निदर्शन: बौद्ध सिद्धान्तों का विवेचन
_cलालजी, ‘श्रावक’, ले.
260 _aवाराणसी, भारत
_bभारतीय बुक्स
_c2021
300 _a372पृ0
365 _aINR
_b1495
546 _aTranslated from Sanskrit to Hindi
650 _aReligion
942 _cTB
_hQ41:23 152R2
999 _c1226398
_d1226398